| 000 | 00955nam a22002417a 4500 | ||
|---|---|---|---|
| 001 | 5104 | ||
| 003 | FISKH | ||
| 005 | 20241119113024.0 | ||
| 008 | 241106b cb ||||| |||| 00| 0 eng d | ||
| 020 | _a9780545130400 | ||
| 040 |
_aFISKH _beng _cFISKH _dFISKH |
||
| 082 | _a540 | ||
| 100 | _aSmith, Alastair | ||
| 245 |
_aMixtures & Compounds / _cby Alastair Smith |
||
| 250 | _aFirst Scholastic printing , October 2008 | ||
| 260 |
_aNew York : _bScholatic ; _c2006 . |
||
| 300 |
_a64 pages : _bcolor illustrations ; _c28 cm . |
||
| 490 | _aUsborne Library of Science | ||
| 520 | _aA guide to the science behind familiar substances, like plastics and paint. It covers the latest kinds of compounds, such as ultra-strong fibres used in spacesuits. Also included are activities, facts and figures, a glossary, revision questions, and links to over 100 relevant Web sites. | ||
| 650 |
_achemistry _vnon-fiction |
||
| 942 |
_2ddc _cBK _n0 |
||
| 999 |
_c5104 _d5104 |
||